000 00890nas a2200289 4500
001 BR2022000976
003 BR-BrBNA
005 20231205132327.0
007 ta
008 230509b bl.|||p| |||| 00| 00por d
040 _aBR-BrBNA
_bpor
_cBiblioteca Nacional de Agricultura
041 _a(En)
072 _aH50; H60
100 1 _aBarcellos Júnior, L.H.
100 1 _aPereira, G.A.M.
100 1 _aGonçalves, V.A.
100 1 _aMatos, C.C.
100 1 _aSilva, A.A.
245 1 _aDifferential tolerance of sugarcane cultivars to clomazone
650 _aHERBICIDA
650 _aCANA DE AÇÚCAR
650 _aERVA DANINHA
773 0 _tPlanta Daninha (Brazil)
_xISSN 1806-9681
_g(2017), v. 35 p. 1-8
_wBR2022000976
856 4 0 _uhttps://www.scielo.br/j/pd/a/wbfHQQk8xQzvDCFNPn9Sdkq/?format=pdf lang=en
909 _a202311
_bLúcia
_c55
_dLúcia Elande
942 _2AGRIS
_n0
_cANA
999 _c259722
_d259722